000 006380000a22002170004500
001 67
003 CO-MdFUSB
005 20170515160242.0
008 170515b xxu||||| |||| 00| 0 eng d
020 _a0-8118-2076-9
040 _cCO-MdBIC
082 0 4 _a863C J741m
100 1 _aJoosse, Barbara M.
245 1 0 _a¿ Me quieres mamá ? / Barbara M. Joosse, Ilustraciones Barbara Lavalle, Traduccíon : Diego Lasconi
260 _aSan Francisco : chronicle books
300 _a[ 28 P. ]
500 _aGlosario de la cultura "Inuit" (Artico)
505 0 0 _aAmor entre padres e hijos
650 1 4 _aLiteratura infantil
942 _cLGB
999 _c47325
_d47325